| 000 -LEADER |
| fixed length control field |
00457cam a22001337a 4500 |
| 008 - FIXED-LENGTH DATA ELEMENTS--GENERAL INFORMATION |
| fixed length control field |
180718b1958 xxu||||| |||| 00| 0 eng d |
| 082 ## - DEWEY DECIMAL CLASSIFICATION NUMBER |
| Classification number |
COx42 W659/3 |
| 100 ## - MAIN ENTRY--PERSONAL NAME |
| Personal name |
Wilkinson, B. |
| 245 ## - TITLE STATEMENT |
| Title |
Constitutional history of medival England 1216-1399 |
| Statement of responsibility, etc. |
by B. Wilkinson |
| 260 ## - PUBLICATION, DISTRIBUTION, ETC. |
| Place of publication, distribution, etc. |
London |
| Name of publisher, distributor, etc. |
Longmans |
| Date of publication, distribution, etc. |
1958 |
| 300 ## - PHYSICAL DESCRIPTION |
| Extent |
v3 |
| 500 ## - GENERAL NOTE |
| General note |
Contents; v. 3. The development of the constituion, 1216-1399, viii, 421p |
| 650 ## - SUBJECT ADDED ENTRY--TOPICAL TERM |
| Topical term or geographic name entry element |
Constitutional history --Great Britain |